Die gesellschaftliche Stellung der europäischen Frauen im 20. und 21. Jahrhundert bakalárska práca
Gespeichert in:
| 1. Verfasser: | |
|---|---|
| Körperschaft: | |
| Weitere Verfasser: | |
| Format: | Buch |
| Sprache: | Deutsch |
| Veröffentlicht: |
Bratislava
2015
|
| Tags: |
Keine Tags, Fügen Sie das erste Tag hinzu!
|
MARC
| LEADER | 00000nbm a2200000 4500 | ||
|---|---|---|---|
| 001 | 0202047 | ||
| 005 | 20161212094235.9 | ||
| 041 | 0 | |a ger | |
| 044 | |a SK | ||
| 245 | 1 | 0 | |a Die gesellschaftliche Stellung der europäischen Frauen im 20. und 21. Jahrhundert |b bakalárska práca |c Zuzana Jurkovcová ; školiteľ: Jana Pospíšilová |
| 264 | 1 | |a Bratislava |c 2015 | |
| 300 | |a 45 s. | ||
| 100 | 1 | |a Jurkovcová, Zuzana | |
| 700 | 1 | |a Pospíšilová, Jana, 1950- | |
| 710 | 2 | |a Fakulta aplikovaných jazykov EU v Bratislave. Katedra jazykovedy a translatológie | |